000 00658nam a2200229 i 4500
001 bgj
100 1 _aHelbig, Gerhard
_d(1929-2008).
245 1 0 _aDeutsche Grammatik :
_bEin Handbuch für den Ausländerunterricht /
_cGerhard Helbig, Joachim Buscha.
260 _aBerlin :
_bLangenscheidt,
_c2005.
300 _a654 S. ;
_c22 cm.
504 _aBibliographie S. 626-641.
505 _aRegister.
650 9 _aDeutsch
_xGrammatik
_xFremdsprache
655 _aLehrbuch
700 1 _aBUSCHA, Joachim.
020 _a3468494939
040 _cBPK
041 0 _ager
920 _a3-468-49493-9
942 _cKS
008 s gw f |000 0 ger
999 _c49415
_d49415
856 _uhttp://koha.tu.koszalin.pl/cgi-bin/koha/opac-detail.pl?biblionumber=49415
_yKatalog online BPK